[Event "Beijing"]
[Site "Beijing"]
[Date "1992.??.??"]
[Round "2"]
[White "Barcenilla, Rogelio"]
[Black "Ye, Rongguang"]
[Result "1/2-1/2"]
[WhiteElo "2475"]
[BlackElo "2540"]
[Annotator "Schussler,H"]
[PlyCount "85"]
[EventDate "1992.??.??"]
[EventType "tourn"]
[EventRounds "9"]
[EventCountry "CHN"]
[EventCategory "10"]
[SourceTitle "CBM 033"]
[Source "ChessBase"]
[SourceDate "1993.04.01"]
[SourceVersion "1"]
[SourceVersionDate "1993.04.01"]
[SourceQuality "1"]

1. e4 e5 2. Nf3 Nf6 3. d4 Nxe4 4. Bd3 d5 5. Nxe5 Nd7 6. Qe2 (6. Nxd7 Bxd7 7.
O-O Qh4 8. c4 O-O-O 9. c5 g6 10. Nc3 Bg7 11. g3 (11. Ne2 Rhe8 12. a4 Ng5 13.
Ra3 h6 14. Bc2 Rxe2 15. Qxe2 Ne6 16. Qd1 (16. Bxg6 $1 {(Petursson,M)} fxg6 {
16. - xd4 17. h5.} 17. c6 Bxc6 (17... bxc6 18. Qa6+ Kb8 19. Rb3+ $18) 18. Qxe6+
$18) 16... Nxd4 $17 {Ivanchuk,V-Rozentalis,E, Manila (ol) 1992.}) 11... Qf6 (
11... Qh3 12. Nxd5 Bg4 13. Ne7+ Kb8 14. Nc6+ $1 Kc8 15. Nxa7+ Kb8 16. Nc6+ Kc8
17. f3 $18 {Ivanchuk,V-Rozentalis,E, Debrecen (E-ch) 1992.}) 12. Nxe4 {12. e3 
[]} dxe4 13. Bxe4 Bh3 14. Qb3 Qa6 15. Re1 Rxd4 16. Bf4 {Sax,G-Skembris,S,
Elenite 1992. CBM 32 game 110.}) 6... Nxe5 7. Bxe4 dxe4 8. Qxe4 Be6 9. Qxe5 Qd7
10. Be3 (10. O-O O-O-O 11. Be3 Bb4 $1 12. c3 f6 13. Qg3 Be7 14. Nd2 h5 15. f3
g5 $13 {Georgiev,Kir-Salov,V, Leningrad 1987.}) 10... Bb4+ 11. c3 Bd6 12. Qa5
$5 (12. Qxg7 O-O-O {Oll,L-Khalifman,A, Soviet 1984.}) 12... Qc6 {12. - c4!?}
13. f3 Bd5 (13... Bc4 $1 14. Nd2 Bd3 15. O-O-O $4 b6 16. Qg5 {16.d5 d7 - +}
Qxc3+ $1 17. bxc3 Ba3#) 14. Nd2 {14.0-0} O-O 15. O-O Rfe8 $15 16. Rfe1 b6 17.
Qa6 Bxh2+ {17. - xe3!?} 18. Kxh2 Rxe3 19. Kg1 Qe6 20. Qf1 Re8 21. Rxe3 Qxe3+
22. Qf2 Qd3 23. a3 h6 24. Re1 Re6 25. Rxe6 Bxe6 26. Nf1 c6 27. Qd2 Qb1 28. Kf2
a5 29. Ne3 b5 30. Qc2 $10 Qa1 31. Qe2 Qa2 32. f4 g6 33. Kg3 a4 34. Ng4 Bxg4 35.
Kxg4 Qe6+ 36. Kf3 Qd5+ 37. Kg3 Kf8 38. Kf2 Qf5 39. g3 Qh3 40. Qe5 $5 Qh2+ 41.
Kf3 Qxb2 42. d5 $1 $10 cxd5 43. Qh8+ {43. - e7 44. e5+ d7 45. xd5+ =} 1/2-1/2

[Event "Leon"]
[Site "Leon"]
[Date "1991.??.??"]
[Round "?"]
[White "Arencibia Rodriguez, Walter"]
[Black "Vladimirov, Yevgeniy"]
[Result "0-1"]
[WhiteElo "2560"]
[BlackElo "2580"]
[Annotator "Schussler,H"]
[PlyCount "144"]
[EventDate "1991.06.??"]
[EventType "tourn"]
[EventRounds "9"]
[EventCountry "ESP"]
[EventCategory "10"]
[SourceTitle "CBM 025"]
[Source "ChessBase"]
[SourceDate "1991.12.01"]
[SourceVersion "1"]
[SourceVersionDate "1991.12.01"]
[SourceQuality "1"]

1. e4 e5 2. Nf3 Nf6 3. d4 Nxe4 (3... exd4 4. e5 Ne4 5. Qxd4 d5 6. exd6 Nxd6 7.
Nc3 Nc6 8. Qf4 g6 {8. - Nf5!? Kasparov-Karpov, (m10) New York 1990.} 9. Bd2 {
Geller,E-Smyslov,V (CBM 25/game 648). 9.Bb5!?}) 4. Bd3 d5 5. Nxe5 Nd7 (5... Bd6
6. O-O O-O 7. c4 Bxe5 8. dxe5 Nc6 9. cxd5 Qxd5 10. Qc2 Nb4 11. Bxe4 Nxc2 12.
Bxd5 Bf5 13. g4 Bxg4 14. Be4 Nxa1 15. Bf4 {The main alternative is 15.Be3.} f5
16. Bd5+ Kh8 17. Rc1 c6 18. Bg2 Rfd8 19. Nd2 Rxd2 $1 20. Bxd2 Rd8 21. Bc3 Rd1+
$10 {Kasparov-Anand, Linares 1991.}) 6. Nxd7 Bxd7 7. O-O Qh4 {The most recent
try is 7. - Bd6 upon which Sveshnikov has introduced 8.c4 c6 9.cxd5 cxd5 10.
Qh5!? (instead of the older 10.Nc3).} 8. c4 O-O-O 9. c5 g5 10. Nc3 Bg7 11. g3
Qh6 $5 (11... Qh3 12. Nxe4 dxe4 13. Bxe4 Bb5 14. Bxg5 Rxd4 15. Bg2 Qe6 $5 16.
Qf3 Bc6 17. Qe3 $14 {Nunn-Barua, England 1990.}) 12. Nxe4 dxe4 13. Bxe4 f5 14.
Bg2 f4 15. d5 Rhf8 16. Re1 Kb8 $13 17. d6 $6 cxd6 18. c6 bxc6 19. Re4 d5 20.
Ra4 Ka8 21. Bd2 Bh3 22. Bh1 Qf6 23. gxf4 gxf4 24. Bxf4 Bh6 25. Bg3 Rd7 26. Bg2
Bxg2 27. Kxg2 d4 28. Qd3 Bf4 29. Rf1 h5 30. Qe4 Bxg3 31. hxg3 d3 32. Qe3 Qxb2
33. Rd1 Qc2 34. Rxd3 Rxf2+ 35. Qxf2 Qxf2+ 36. Kxf2 Rxd3 37. Rh4 Rd5 38. Rb4 {
38.g4 = +} Rb5 39. Rf4 Kb7 40. Ke3 Rd5 41. Rf8 Ra5 42. Rh8 Kb6 43. Kd4 Ra4+ 44.
Ke3 Ra3+ 45. Kd4 Rxg3 46. Rxh5 Rg2 47. a3 Rg3 48. Rh1 Rxa3 49. Rb1+ Kc7 50. Kc4
Ra5 $15 51. Rb2 a6 52. Rb1 Rb5 53. Ra1 Kb6 54. Ra4 a5 55. Kc3 Rb1 56. Rh4 Kb5
57. Rh8 Ka4 58. Ra8 Rc1+ 59. Kb2 Rh1 60. Rb8 {60.Ra7} Rh2+ 61. Kc3 Rh5 62. Kc4
Ka3 63. Rb3+ Ka2 64. Rb6 Rh1 65. Ra6 Rc1+ 66. Kd3 Kb3 67. Rxa5 {67.Rb6+!} Rd1+
68. Ke2 Rd6 69. Rc5 (69. Ra6 Kb4 70. Rb6+ Ka5 71. Rb2 c5 72. Rd2 Rxd2+ 73. Kxd2
Kb4 $19) 69... Kb4 70. Rc1 c5 71. Rb1+ Ka3 72. Rc1 Rd5 {73.Ke3 Kb2 74.Rc4 Kb3
- +} 0-1

[Event "Elenite"]
[Site "Elenite"]
[Date "1992.??.??"]
[Round "9"]
[White "Sax, Gyula"]
[Black "Skembris, Spyridon"]
[Result "1-0"]
[WhiteElo "2565"]
[BlackElo "2520"]
[Annotator "Schussler,H"]
[PlyCount "69"]
[EventDate "1992.??.??"]
[EventType "tourn"]
[EventRounds "11"]
[EventCountry "BUL"]
[EventCategory "12"]
[SourceTitle "CBM 032"]
[Source "ChessBase"]
[SourceDate "1993.02.01"]
[SourceVersion "1"]
[SourceVersionDate "1993.02.01"]
[SourceQuality "1"]

1. e4 e5 2. Nf3 Nf6 3. d4 Nxe4 4. Bd3 d5 5. Nxe5 Nd7 6. Nxd7 (6. Qe2 Nxe5 7.
Bxe4 dxe4 8. Qxe4 Be6 9. Qxe5 Qd7 10. O-O (10. Be3 Bb4+ (10... O-O-O 11. Qa5 $1
a6 12. Nc3 f5 13. d5 $16 {Barcenilla,R-Barua,D, Cebu 1992, CBM 31 game 263.})
11. c3 Bd6 12. Qxg7 O-O-O {Oll,L-Khalifman,A, Soviet 1984.}) 10... O-O-O 11.
Be3 Bb4 $1 12. c3 (12. Nc3 f6 13. Qg3 Bxc3 14. bxc3 h5 $15 {Karpov,A,Larsen,B,
Tilbrug 1980.}) 12... f6 13. Qg3 Be7 14. Nd2 h5 15. f3 g5 $13 {
Georgiev-Kir-Salov,V, Leningrad 1987.}) 6... Bxd7 7. O-O Qh4 8. c4 O-O-O 9. c5
g6 10. Nc3 Bg7 11. g3 (11. Ne2 Rhe8 12. Be3 {12.a4 - Ivantchuk,V-Rozentalis,E,
Manila (ol) 1992.} Nf6 $5 {Xie Jun-Ye Rongguang, Shenzhen 1992. CBM 31 game
932.}) 11... Qf6 (11... Qh3 12. Nxd5 Bg4 13. Ne7+ Kb8 14. Nc6+ $1 $16 {
Ivanchuk,V-Rozentalis,E, Debrecen, (E-teamch.) 1992.}) 12. Nxe4 $1 {12.Be3?! 
- Anand,V-Hübner,R, Dortmund 1992. The text is a natural but new move.} dxe4
13. Bxe4 Bh3 {13. - Bb5!?} 14. Qb3 Qa6 {Preventing a later Bf4-e5.} 15. Re1
Rxd4 {15. - Bxd4} 16. Bf4 Be6 17. Qf3 c6 18. Bd6 Rd2 19. Qf4 $16 Rd4 20. Qf3
Rd2 21. Qf4 Rd4 22. Qh4 $1 $14 Qa5 23. a3 Qd8 24. Qf4 Re8 25. Qf3 Qd7 26. Qc3
$4 f5 $19 27. Qa5 Rxd6 28. cxd6 fxe4 29. Rxe4 Qxd6 30. Rae1 a6 31. Qb6 Bh6 $6
32. Qa7 Kc7 33. Rb4 Rb8 34. Qb6+ Kd7 35. Rbe4 $138 1-0

[Event "URS-ch58"]
[Site "Moscow"]
[Date "1991.??.??"]
[Round "4"]
[White "Sveshnikov, Evgeny"]
[Black "Zaitsev, Igor A"]
[Result "1/2-1/2"]
[WhiteElo "2540"]
[BlackElo "2405"]
[Annotator "Schussler,H"]
[PlyCount "62"]
[EventDate "1991.11.??"]
[EventType "swiss"]
[EventRounds "11"]
[EventCountry "URS"]
[SourceTitle "URS-ch"]
[Source "ChessBase"]
[SourceDate "1999.07.01"]
[SourceVersion "1"]
[SourceVersionDate "1999.07.01"]
[SourceQuality "1"]

1. e4 e5 2. Nf3 Nf6 3. d4 Nxe4 4. Bd3 d5 5. Nxe5 Nd7 6. Nxd7 Bxd7 7. O-O Bd6 8.
c4 c6 9. cxd5 cxd5 10. Qh5 Qf6 $5 (10... O-O 11. Qxd5 Bc6 12. Qh5 Bc7 {12. -
Nf6} 13. Be3 g6 14. Qh3 {Sveshnikov-Mejers, Soviet 1991. 14.Qh6.} Ng5 $1 15.
Qh6 Ne6 $10 {(Sveshnikov)}) 11. Nc3 (11. Qxd5 Bc6 12. Bb5 O-O-O 13. Bxc6 (13.
Qc4 Bxh2+ $1 14. Kxh2 Rxd4 $17 {>= 15. - Qe5+}) 13... Bxh2+ 14. Kxh2 Rxd5 15.
Bxd5 Qd6+ $17) 11... Qxd4 12. Qxd5 Qxd5 13. Nxd5 Nc5 14. Re1+ Ne6 $10 15. Bg5
O-O 16. Be7 Bxe7 17. Nxe7+ Kh8 18. Rad1 Rad8 19. Be4 Nc5 20. Bf3 Be6 21. b3 g6
22. Nd5 a5 23. g3 Kg7 24. h4 h5 25. Re5 Rd6 26. Nb6 Rxb6 27. Rxc5 Ra8 28. Rd4
Rb4 29. Rxa5 Rxa5 30. Rxb4 Rxa2 31. Rxb7 Ra3 1/2-1/2

[Event "Cebu"]
[Site "Cebu"]
[Date "1992.??.??"]
[Round "3"]
[White "Barcenilla, Rogelio"]
[Black "Barua, Dibyendu"]
[Result "1-0"]
[WhiteElo "2465"]
[BlackElo "2555"]
[Annotator "Schussler,H"]
[PlyCount "55"]
[EventDate "1992.05.??"]
[EventType "tourn"]
[EventRounds "9"]
[EventCountry "PHI"]
[EventCategory "10"]
[SourceTitle "CBM 031"]
[Source "ChessBase"]
[SourceDate "1992.12.01"]
[SourceVersion "1"]
[SourceVersionDate "1992.12.01"]
[SourceQuality "1"]

1. e4 e5 2. Nf3 Nf6 3. d4 Nxe4 4. Bd3 d5 5. Nxe5 Nd7 6. Qe2 (6. Nxd7 Bxd7 7.
O-O Qh4 8. c4 O-O-O 9. c5 g6 $5 {The latest fashion, keeping g5 for the N. The
old move is 9. - g5.} 10. Nc3 Bg7 11. g3 (11. Ne2 Rhe8 12. a4 $5 {Ivanchuk,
V-Rozentalis,E, Manila (ol) 1992. White intends Ra3.} (12. Be3 Nf6 $5 {Xie
Jun-Ye Rongguang, Shenzhen 1992. CBM 31 game 932.})) 11... Qf6 12. Be3 $13 {
Anand,V-Hübner,R, Dortmund 1992.}) 6... Nxe5 7. Bxe4 dxe4 8. Qxe4 Be6 9. Qxe5
Qd7 10. Be3 (10. O-O O-O-O 11. Be3 Bb4 $1 12. Nc3 (12. c3 f6 13. Qg3 Be7 14.
Nd2 h5 15. f3 g5 $13 {Georgiev,Kir-Salov,V, Leningrad 1987}) 12... f6 13. Qg3
Bxc3 14. bxc3 h5 $15 {Karpov,A-Larsen,B, Tilburg 1980.}) 10... O-O-O (10...
Bb4+ $1 11. c3 Bd6 12. Qxg7 O-O-O $13 {Oll-Khalifman, Soviet 1984.}) 11. Qa5 $1
{This is considered good for White since Hort,V-Short,N, Germany 1986} a6 12.
Nc3 $1 {Controlling the important square d5.} f5 13. d5 $1 $16 Bf7 14. O-O-O
Bd6 15. b4 Qe7 16. a3 Rhe8 17. Bd4 Be5 18. Kb1 Bxd4 19. Rxd4 Qe5 20. Rhd1 Rd6
21. f4 Qe3 22. Rc4 Re7 23. Kb2 Kd8 24. Rd3 Qg1 25. Nb5 $1 $18 Rb6 (25... axb5
26. Qa8+ Kd7 27. Rxc7+ Kxc7 28. Rc3+ Rc6 29. dxc6 b6 30. Rd3 $18) 26. d6 Re1
27. dxc7+ Ke7 28. Rd7+ 1-0

[Event "Prague Bohemians-A"]
[Site "Prague"]
[Date "1990.??.??"]
[Round "?"]
[White "Nun, Jiri"]
[Black "Finegold, Benjamin"]
[Result "1-0"]
[WhiteElo "2445"]
[BlackElo "2445"]
[Annotator "Schussler,H"]
[PlyCount "71"]
[EventDate "1990.01.??"]
[EventType "tourn"]
[EventRounds "13"]
[EventCountry "CZE"]
[EventCategory "8"]
[SourceTitle "CBM 017"]
[Source "ChessBase"]
[SourceDate "1990.08.01"]
[SourceVersion "1"]
[SourceVersionDate "1990.08.01"]
[SourceQuality "1"]

1. e4 e5 2. Nf3 Nf6 3. d4 Nxe4 4. Bd3 d5 5. Nxe5 Nd7 6. Qe2 Nxe5 (6... Qe7 7.
Bxe4 dxe4 8. Bf4 Nxe5 9. Bxe5 Bf5 10. Nc3 O-O-O 11. O-O-O Qe6 12. Qe3 h5 13. h3
f6 14. Bxc7 $1 Kxc7 15. d5 $16 {Svec-Wason, corr 1989.}) 7. Bxe4 dxe4 8. Qxe4
Be6 9. Qxe5 Qd7 10. Nc3 Bb4 11. O-O O-O-O 12. Be3 f6 13. Qg3 Bxc3 14. bxc3 h5
15. h4 g5 16. hxg5 h4 17. Qh2 h3 18. g3 Qc6 19. gxf6 Bd5 20. Bf4 Qxc3 21. Be5
Rh7 22. Rfe1 c6 23. Rac1 b5 24. Re3 Qd2 25. Rce1 Rg8 26. f3 Qa5 27. c3 b4 28.
Rb1 Re8 29. Bc7 Rxe3 30. Bxa5 bxc3 31. g4 Rb7 32. Rxb7 Kxb7 33. Bxc3 Rxf3 34.
Qb2+ Kc8 35. Kh2 Rf2+ 36. Qxf2 1-0

[Event "Koop Tjuchem"]
[Site "Groningen"]
[Date "1996.??.??"]
[Round "9"]
[White "Short, Nigel D"]
[Black "Timman, Jan H"]
[Result "1-0"]
[WhiteElo "2695"]
[BlackElo "2590"]
[Annotator "Short,N"]
[PlyCount "87"]
[EventDate "1996.12.20"]
[EventType "tourn"]
[EventRounds "11"]
[EventCountry "NED"]
[EventCategory "16"]
[SourceTitle "CBM 057"]
[Source "ChessBase"]
[SourceDate "1997.04.01"]
[SourceVersion "1"]
[SourceVersionDate "1997.04.01"]
[SourceQuality "1"]

1. e4 {Blatny,P} e5 2. Nf3 Nf6 3. d4 Nxe4 4. Bd3 Nc6 5. d5 (5. Bxe4 d5 6. Bg5
Qd7 7. Bd3 e4 8. O-O f6 9. Re1 Be7 10. Bf4 exd3 11. Qxd3 {1-0 Timman,J-Murrey,
J/FRA-chT 1993/CBM 37 (53) [Timman]}) (5. dxe5 d5 6. exd6 Nxd6 7. Nc3 Be7 8.
Nd5 Nf5 9. Be4 Nb4 $6 10. Nxe7 Qxe7 11. O-O Nd6 12. Bg5 $1 {1-0 Ivanchuk,
V-Anand,V/Linares 1994/CBM 40 (54)}) 5... Nc5 (5... Nf6 {Blatny,P} 6. dxc6 e4
7. cxb7 Bxb7 8. Be2 exf3 9. Bxf3 Bxf3 10. Qxf3 d5 11. O-O Be7 12. Nc3 $14) 6.
dxc6 e4 7. cxb7 (7. Be2 exf3 8. cxd7+ Qxd7 9. Qxd7+ Bxd7 10. Bxf3 $11 {Voigt,
U-Schmidt,G/DLM Binz 1995/JUN 97/1-0 (69)}) 7... Bxb7 8. Be2 exf3 9. Bxf3 Bxf3
(9... Qe7+ 10. Be3 Bxf3 11. Qxf3 Qe4 12. Qxe4+ (12. Nd2 Qxf3 13. Nxf3 Ne6 (
13... d5 14. O-O-O c6 15. Rhe1 Ne6 16. Ne5 $16) 14. O-O-O {1-0 Dolmatov,
S-Howell,J/Calcutta op 1996/EXP 50/[Dolmatov] (34)}) 12... Nxe4 13. O-O a6 14.
Re1 O-O-O 15. f3 Nc5 16. Nc3 Ne6 17. Nd5 Bd6 18. c4 Be5 19. f4 Bd4 20. f5 Bxe3+
21. Rxe3 Nd4 22. Ne7+ Kb7 23. c5 Rhe8 24. Rae1 Nb5 25. Nc6 {1-0 Jansa,V-Jose
Queralto,D/Andorra 1996/EXP 54}) (9... Rb8 10. O-O Be7 11. Nc3 Bxf3 12. Qxf3 c6
13. Be3 O-O (13... Rxb2 $2 {Blatny,P} 14. Bxc5 Bxc5 15. Na4 Rb5 (15... Rxc2 $2
16. Qd3 $18) 16. c4 Ra5 17. Nxc5 Rxc5 18. Rfe1+ Kf8 19. Rab1 $1 $40) 14. b3 Qa5
15. Bxc5 (15. Ne4 $6 {Blatny,P} Nxe4 16. Qxe4 Bf6 17. Rad1 d5 $17) 15... Bxc5
16. Na4 d5 17. Rad1 Rfe8 18. Nxc5 {1/2-1/2 Sax,G-Horvath,C/Budapest Spring op
1996/EXP 52}) (9... d5 10. O-O Be7 11. Be3 (11. c4 $2 dxc4 12. Bxb7 Qxd1 13.
Bc6+ Qd7 $10) 11... O-O 12. c4 $16 (12. c4 $1 $16 {Blatny,P} dxc4 $140 13. Qxd8
Rfxd8 14. Bxc5 Bxc5 $5 (14... Bxf3 15. Bxe7 $18) 15. Bxb7 Rab8 16. Ba6 (16. Bf3
) 16... Rxb2 17. Nc3 (17. Bxc4 $2 Rb4 {/\Bd4~~}) 17... Bd4 18. Rac1 $18 {_|_}))
10. Qxf3 Be7 (10... Bd6 $5 11. Be3 O-O 12. Nd2 Ne6 13. Rd1 c6 14. O-O Bc7 15.
Nb3 Be5 16. c3 d5 {1/2-1/2 Short,N-Timman,J/Hoogovens 1997/CBM 57 (26)}) (10...
Qe7+ {Blatny,P} 11. Be3 Qe4 12. Nd2 $1 Qxf3 13. Nxf3 Ne6 14. O-O-O Bc5 15. Bxc5
Nxc5 16. Rhe1+ Ne6 17. Re3 d6 18. Rd5 $1 {[%csl Ga2,Ra7,Ra8,Gb2,Gc2,Rc7,Gd5,
Rd6,Ge3,Gf2,Gg2,Gh2,Rh8][%cal Ge3a3,Ga3a7,Gd5a5,Ga5a7] +/=/+/- _|_ Dolmatov,
S-Howell,J/Calcutta op 1996/ 1-0 (34)}) 11. O-O O-O 12. Rd1 $6 (12. c4 Bf6 13.
Nc3 Be5 14. Bf4 $16) 12... Bf6 13. c4 Be5 $1 (13... Rb8 {Blatny,P} 14. Nc3 {
/\Rb1,Be3 ><a7}) 14. Nd2 (14. Nc3 Qh4 {[%cal Yh4h2,Yh4c4]} (14... Qh4 {Blatny,P
} 15. g3 Qxc4 $19 {_|_})) 14... Re8 (14... Rb8 {Blatny,P} 15. Rb1 a5 16. Ne4 $1
$36) 15. Rb1 a5 16. Nf1 (16. Qd5 $5 d6 (16... Ra6 $5 17. Qxc5 (17. Nf1 $2 Rd6)
17... Bxh2+ 18. Kf1 Rc6 19. Qf5 $1 (19. Qh5 Rh6 $44) 19... Qe7 20. Ne4 g6 21.
Qd5 Qxe4 22. Qxe4 Rxe4 23. g3 Rexc4 24. Kg2 Bxg3 25. fxg3 $14) 17. Nf3 Bf6 18.
Be3 $36) 16... Qf6 17. Qxf6 Bxf6 18. Ne3 (18. Be3 d6 $1 $13) 18... Rab8 19. b3
a4 20. b4 Ne4 21. Nd5 (21. Rxd7 $142 Nc3 22. Rb2 a3 23. Rc2 Rxb4 24. g4 $1 $16)
21... Bd4 $2 (21... c6 22. Nxf6+ gxf6 23. Bf4 (23. Rd3 Nc3 24. Bh6 Nxb1 25.
Rg3+ $11 (25. Rg3+ {Blatny,P} Kh8 26. Bg7+ Kg8 27. Bh6+ $11)) (23. Bb2 $2 Rxb4)
23... Nc3 24. Bxb8 Rxb8 25. Re1 $1 Nxb1 26. Rxb1 $14) (21... Nc3 22. Nxc3 Bxc3
23. b5 (23. a3 {Blatny,P /\Be3+/= _|_}) (23. Bd2 $4 Bxd2 24. Rxd2 Rxb4 $1)
23... d6 (23... Re4 24. Be3 $1 Rxc4 25. Rbc1) (23... Re2 24. Bf4 d6 25. c5 $1 {
/\} Rxa2 26. b6)) 22. Kf1 (22. Rxd4 Nc3 $1 $13 23. Kf1 $1 $16 {Blatny,P} Nxb1
24. Nxc7 Rec8 (24... Re5 25. Bf4 $1 Rh5 (25... Rf5 26. Nd5 Re8 27. g4 $18 {_|_}
) 26. Nd5 Re8 27. b5 $18) 25. Nd5 $16 {פb1}) 22... Bxf2 (22... Nc3 $142 23.
Nxc3 {Blatny,P} (23. Rxd4 $5) 23... Bxc3 $14) 23. Nxc7 $16 Rec8 24. Rxd7 Nc3 (
24... Rb7 25. Re7 $1 Nc3 26. Nd5 $1 $18) 25. Rb2 Bh4 26. Bf4 Bf6 27. b5 h5 {
/\g5,h4 פc7} 28. h3 $6 (28. b6 $142 $18) 28... Rb7 29. Rbd2 $6 Ne4 30. R2d5
Nc3 31. Rxh5 Nxa2 $2 (31... a3 $1 32. Rc5 Nxa2 33. Ne6 (33. Nd5 Rxc5 34. Rxb7
Rxc4 35. Bd6 $14) (33. Bd6 $2 Nc3 34. Nd5 Ra8 $1 35. Nxf6+ gxf6 36. Rxb7 a2 37.
Rc8+ Rxc8 38. Ra7 Rxc4 $19) 33... Rxc5 34. Nxc5 Rxd7 35. Nxd7 Bd4 $1 $13) (
31... g6 {Blatny,P} 32. Rc5 Nxa2 33. Nd5 $18) 32. c5 $18 Nb4 33. c6 Nxc6 (33...
Rb6 34. Nd5 Nxd5 (34... a3 {Blatny,P} 35. Nxb4 $18) 35. Rhxd5 a3 36. Ra7 $18) (
33... Rbb8 {Blatny,P} 34. Nd5 Nxd5 35. Rhxd5 Ra8 36. b6 $1 a3 (36... Rxc6 37.
b7 $18) 37. b7 a2 38. bxc8=Q+ Rxc8 39. Ra7 a1=Q+ 40. Rxa1 Bxa1 41. c7 Bf6 42.
Rb5 $18) 34. bxc6 Rb1+ 35. Ke2 a3 36. Ra5 Rb2+ 37. Kf3 a2 38. Nd5 Rxc6 39.
Nxf6+ (39. g3) 39... Rxf6 40. Rd6 (40. Rd4 $4 {Blatny,P} a1=Q 41. Rxa1 g5 $11)
40... Rf5 41. Ra8+ Kh7 42. h4 $4 (42. Kg4 Rc5 43. g3 $18) (42. g3 $2 {Blatny,P}
g5 43. Kg4 gxf4 $1 44. Kxf5 fxg3 {/\g2,Rb1=}) 42... Rc5 $4 (42... Rb1 $142 $1
43. Rxa2 (43. Kg4 {Blatny,P} Rxf4+ $11) 43... Rf1+ $11) 43. g3 f5 (43... Rc3+
$142 {Blatny,P}) 44. Rd2 1-0

[Event "Haifa"]
[Site "Haifa"]
[Date "1995.??.??"]
[Round "7"]
[White "Smirin, Ilia"]
[Black "Alterman, Boris"]
[Result "1-0"]
[WhiteElo "2630"]
[BlackElo "2575"]
[Annotator "Smirin,I"]
[PlyCount "49"]
[EventDate "1995.01.??"]
[EventType "tourn"]
[EventRounds "11"]
[EventCountry "ISR"]
[EventCategory "14"]
[SourceTitle "CBM 046"]
[Source "ChessBase"]
[SourceDate "1995.06.01"]
[SourceVersion "1"]
[SourceVersionDate "1995.06.01"]
[SourceQuality "1"]

1. e4 {Dolmatov} e5 2. Nf3 Nf6 3. d4 Nxe4 4. dxe5 d5 5. Nbd2 Be7 (5... Nc5 {
Dolmatov} 6. Nb3 Nxb3 7. axb3 Be7 8. Bf4 Bg4 9. Bd3 Nc6 $132) 6. Bb5+ (6. Nxe4
$5 {Dolmatov} dxe4 7. Qxd8+ Bxd8 8. Ng5 Nc6 9. Nxe4 Nxe5 10. Bf4 Ng6 11. Be3
O-O 12. O-O-O $16 {Adorjan}) 6... c6 (6... Bd7 $5 {Dolmatov} 7. Qe2 Bxb5 8.
Qxb5+ c6 9. Qe2 $10 (9. Qxb7 $2 Nc5 $19)) 7. Bd3 Nc5 8. Be2 Bg4 $6 (8... O-O 9.
O-O Nbd7 $10) (8... Ne6 {Dolmatov} 9. Nf1 c5 10. Ng3 g6 11. O-O Nc6 $132) 9.
Nd4 Bxe2 10. Qxe2 Nbd7 11. O-O Ne6 $6 (11... O-O $142 12. f4 $36 (12. f4 {
Dolmatov} Ne6 13. c3 Nxd4 14. cxd4 f5 $132)) 12. Nxe6 fxe6 13. Qg4 $1 Nxe5 (
13... Kf7 14. f4 $16 (14. Nf3 {Dolmatov} Rf8 15. Nd4 Nc5 16. Nxe6 Nxe6 17. Qf5+
Bf6 18. exf6 Qxf6 19. Qxh7 $16)) 14. Qxg7 Ng6 (14... Bf6 15. Qxb7 O-O 16. Qb3)
15. Nf3 Kd7 (15... Qd6 16. Ng5 (16. Ng5 $40 {Dolmatov} Bxg5 17. Bxg5 Qd7 18.
Qc3 O-O $132)) 16. c4 $1 Qg8 (16... Qf8 17. Qc3 (17. Qd4 {Dolmatov} Qf6 18. Qd3
Bd6 $13)) 17. Qd4 Rf8 18. Qxa7 $1 Rxf3 19. Qxb7+ Kd6 $8 (19... Kd8 20. Qb8+ Kd7
21. Qxg8 Rxg8 22. gxf3 $18) 20. Re1 $1 (20. c5+ $2 Ke5) 20... e5 (20... Rd3 21.
c5+ Kxc5 22. Be3+ Kd6 23. Bc5+ $1 Kxc5 24. Rac1+ Kd4 25. Qxc6 {/\ 26.Qb6; 26.
Qa4} (25. Qa7+ {Dolmatov} c5 26. Rc4+ $3 dxc4 27. Qd7+) 25... Qb8 26. Rc4+ $1
dxc4 27. Re4#) (20... Nh4 $2 {Dolmatov} 21. c5+ Kxc5 22. Qxe7+ $18) 21. b3 $1 (
21. c5+ $2 Ke6 22. Qxc6+ Kf5 23. Qd7+ Kf6 $13) 21... Rd3 $8 22. Ba3+ c5 $6 (
22... Ke6 $142 23. cxd5+ (23. Bxe7 $5 {Dolmatov} Nxe7 24. Rxe5+ Kxe5 25. Qxe7+
Kf5 26. Re1) 23... Rxd5 (23... cxd5 $2 24. Qa6+) 24. Qxc6+ Bd6 25. Rad1 Ne7 (
25... Qa8 $1) (25... Nf4 $2 26. g3 $16) 26. Rxe5+ $1 Rxe5 27. Qxd6+ Kf5 28. Bb2
) 23. Bxc5+ $1 Kxc5 24. Rac1 $3 dxc4 (24... Kd6 25. c5+ Ke6 26. Qa6+ Kf7 27.
Qxd3 $18) (24... Bg5 25. cxd5+ $1 Bxc1 26. Rxc1+ Kd4 27. Rc4#) (24... d4 25.
Qc7+ Kb4 26. Qb6+ Ka3 27. Qa5+ Kb2 28. Rb1+ Kc2 29. Rec1#) (24... Kd4 25. cxd5
Qxd5 26. Rc4+ Qxc4 27. Qe4+) 25. Rxc4+ (25. Rxc4+ Qxc4 26. Qc7+ Kb5 27. Qxc4+
Kb6 28. Qxd3) 1-0